Đặc điểm sinh học sinh sản và sử dụng Hormone trong sinh sản nhân tạo cá rô biển (Pristolepis fasciata Bleeker, 1851) : Luận án Tiến sĩ. Chuyên ngành Nuôi trồng thủy sản
Nội dung nghiên cứu của đề tài nhằm nghiên cứu đặc điểm sinh học sinh sản của cá rô biển và tác dụng của hormone steroid trong kích thích sinh sản nhân tạo cá rô biển.
Gespeichert in:
| 1. Verfasser: | |
|---|---|
| Format: | Buch |
| Sprache: | Undetermined |
| Veröffentlicht: |
Cần Thơ
Trường Đại học Cần Thơ
2016
|
| Schlagworte: | |
| Tags: |
Tag hinzufügen
Keine Tags, Fügen Sie den ersten Tag hinzu!
|
| Thư viện lưu trữ: | Trung tâm Học liệu Trường Đại học Cần Thơ |
|---|
| LEADER | 01190nam a2200217Ia 4500 | ||
|---|---|---|---|
| 001 | CTU_211164 | ||
| 008 | 210402s9999 xx 000 0 und d | ||
| 082 | |a 639.32 | ||
| 082 | |b L406 | ||
| 088 | |a 62620301 | ||
| 100 | |a Phan, Phương Loan | ||
| 245 | 0 | |a Đặc điểm sinh học sinh sản và sử dụng Hormone trong sinh sản nhân tạo cá rô biển (Pristolepis fasciata Bleeker, 1851) : | |
| 245 | 0 | |b Luận án Tiến sĩ. Chuyên ngành Nuôi trồng thủy sản | |
| 245 | 0 | |c Phan Phương Loan ; Phạm Thanh Liêm, Bùi Minh Tâm (Người hướng dẫn khoa học) | |
| 260 | |a Cần Thơ | ||
| 260 | |b Trường Đại học Cần Thơ | ||
| 260 | |c 2016 | ||
| 520 | |a Nội dung nghiên cứu của đề tài nhằm nghiên cứu đặc điểm sinh học sinh sản của cá rô biển và tác dụng của hormone steroid trong kích thích sinh sản nhân tạo cá rô biển. | ||
| 650 | |a Cá nước lợ,Nuôi cá,Fish culture,Brackish water fishes | ||
| 904 | |i Bùi Trần Bảo Châu, Tuyến | ||
| 980 | |a Trung tâm Học liệu Trường Đại học Cần Thơ | ||